000 00310nam a2200121 a 4500
008 100923s1966|||| d
100 1 _aFeuchtwanger, Lion
245 1 0 _aOppermannovci
260 _bVydavateľstvo politickej literatúry
_aBratislava
_c1966
020 _c18,50
044 _axo
_cSK
041 _aslo
999 _c10652
_d10652